00253nam a2200097Ia 4500008004100000020001800041100001600059245002500075260004500100300001000145250515s9999 xx 000 0 und d a9780755356713 aLyn andrews 0aMist Over the Mersey aLondon bHachette Livre UK Companyc1994 a374p.